Laddar...

Newer methods of nutritional biochemistry : with applications and interpretation V.IV

Bibliografiska uppgifter
Huvudupphovsman: Anthony A Albanese
Materialtyp: Printed Book
Språk:Undetermined
Publicerad: Academic press 1970
NewYork
Ämnen:
LEADER 00696nam a2200229Ia 4500
008 141122s9999 xx 000 0 und d
040 |c . 
041 |a English 
082 |a 636.0852 
082 |b ALB/NE 
100 |a Anthony A Albanese 
245 |a Newer methods of nutritional biochemistry : with applications and interpretation V.IV 
245 |c Anthony A Albanese 
260 |b Academic press 
260 |b NewYork 
260 |c 1970 
300 |a 238 Pages 
650 |a Nutrition 
650 |a Trace metal analysis 
942 |c BK 
999 |c 12837  |d 12837 
952 |0 0  |1 0  |4 0  |6 636_085200000000000_ALBNE  |7 0  |9 12671  |a COVAS  |b COVAS  |d 0000-00-00  |o 636.0852 ALB/NE  |p 4088  |r 2014-11-26  |w 2014-11-26  |y BK